<?xml version="1.0" encoding="UTF-8"?>
<record
    xmlns:xsi="http://www.w3.org/2001/XMLSchema-instance"
    xsi:schemaLocation="http://www.loc.gov/MARC21/slim http://www.loc.gov/standards/marcxml/schema/MARC21slim.xsd"
    xmlns="http://www.loc.gov/MARC21/slim">

  <leader>00812nam a2200229 a 4500</leader>
  <controlfield tag="001">3388</controlfield>
  <controlfield tag="003">CDMR</controlfield>
  <controlfield tag="005">20131125140049.0</controlfield>
  <controlfield tag="008">130130s1996||||||||||||||||||||||||||||d</controlfield>
  <datafield tag="020" ind1=" " ind2=" ">
    <subfield code="a">843933799X</subfield>
  </datafield>
  <datafield tag="040" ind1=" " ind2=" ">
    <subfield code="a">CDMR</subfield>
    <subfield code="b">cat</subfield>
    <subfield code="c">CPC LLEIDA</subfield>
  </datafield>
  <datafield tag="100" ind1="1" ind2=" ">
    <subfield code="a">Carreras i Serra, Llu&#xED;s de</subfield>
    <subfield code="9">1753</subfield>
  </datafield>
  <datafield tag="245" ind1="1" ind2="0">
    <subfield code="a">R&#xE8;gim jur&#xED;dic de la informaci&#xF3;</subfield>
    <subfield code="b">: periodistes i mitjans de comunicaci&#xF3;</subfield>
    <subfield code="c">Llu&#xED;s de Carreras ; pr&#xF2;leg de Manuel Jim&#xE9;nez de Parga</subfield>
  </datafield>
  <datafield tag="260" ind1=" " ind2=" ">
    <subfield code="a">Barcelona</subfield>
    <subfield code="c">1996</subfield>
    <subfield code="b">Centre d'Investigaci&#xF3; de la Comunicaci&#xF3;</subfield>
  </datafield>
  <datafield tag="300" ind1=" " ind2=" ">
    <subfield code="a">344 p.</subfield>
  </datafield>
  <datafield tag="490" ind1="0" ind2=" ">
    <subfield code="a">Estudis i Recerques</subfield>
    <subfield code="v">12</subfield>
  </datafield>
  <datafield tag="650" ind1="0" ind2="4">
    <subfield code="9">3208</subfield>
    <subfield code="a">Periodisme</subfield>
    <subfield code="x">Dret i legislaci&#xF3;</subfield>
  </datafield>
  <datafield tag="650" ind1="0" ind2="4">
    <subfield code="9">3370</subfield>
    <subfield code="a">Mitjans de comunicaci&#xF3; de massa</subfield>
    <subfield code="x">Dret i legislaci&#xF3;</subfield>
  </datafield>
  <datafield tag="650" ind1="0" ind2="4">
    <subfield code="9">3195</subfield>
    <subfield code="a">Drets humans</subfield>
  </datafield>
  <datafield tag="700" ind1="1" ind2=" ">
    <subfield code="9">1553</subfield>
    <subfield code="a">Jim&#xE9;nez De Parga, Manuel</subfield>
    <subfield code="e">pr.</subfield>
  </datafield>
  <datafield tag="942" ind1=" " ind2=" ">
    <subfield code="c">MON</subfield>
    <subfield code="2">udc</subfield>
  </datafield>
  <datafield tag="999" ind1=" " ind2=" ">
    <subfield code="c">3388</subfield>
    <subfield code="d">3388</subfield>
  </datafield>
  <datafield tag="952" ind1=" " ind2=" ">
    <subfield code="0">0</subfield>
    <subfield code="1">0</subfield>
    <subfield code="4">0</subfield>
    <subfield code="7">0</subfield>
    <subfield code="a">LLEIDA</subfield>
    <subfield code="b">LLEIDA</subfield>
    <subfield code="d">2011-08-04</subfield>
    <subfield code="l">0</subfield>
    <subfield code="o">329EST</subfield>
    <subfield code="p">LLEIDA13111101</subfield>
    <subfield code="r">2013-01-16</subfield>
    <subfield code="w">2013-01-16</subfield>
    <subfield code="y">MON</subfield>
  </datafield>
  <datafield tag="952" ind1=" " ind2=" ">
    <subfield code="0">0</subfield>
    <subfield code="1">0</subfield>
    <subfield code="4">0</subfield>
    <subfield code="7">0</subfield>
    <subfield code="a">CDMR</subfield>
    <subfield code="b">CDMR</subfield>
    <subfield code="d">2013-01-16</subfield>
    <subfield code="l">2</subfield>
    <subfield code="m">1</subfield>
    <subfield code="o">Cg 1/1</subfield>
    <subfield code="p">CDMR13056466</subfield>
    <subfield code="r">2019-09-02</subfield>
    <subfield code="s">2019-07-25</subfield>
    <subfield code="w">2013-01-16</subfield>
    <subfield code="y">MON</subfield>
  </datafield>
  <datafield tag="952" ind1=" " ind2=" ">
    <subfield code="0">0</subfield>
    <subfield code="1">0</subfield>
    <subfield code="4">0</subfield>
    <subfield code="7">1</subfield>
    <subfield code="a">TARRAGONA</subfield>
    <subfield code="b">TARRAGONA</subfield>
    <subfield code="d">2013-07-22</subfield>
    <subfield code="l">0</subfield>
    <subfield code="o">PP</subfield>
    <subfield code="p">TARRAGONA13076811</subfield>
    <subfield code="r">2013-07-22</subfield>
    <subfield code="w">2013-07-22</subfield>
    <subfield code="y">MON</subfield>
  </datafield>
</record>
